UM Logo
Normal view MARC view
  • Pickup, Austin J.

Entry Personal Name

Number of records used in: 1

001 - CONTROL NUMBER

  • control field: 49949

003 - CONTROL NUMBER IDENTIFIER

  • control field: OSt

005 - DATE AND TIME OF LATEST TRANSACTION

  • control field: 20231114103550.0

008 - FIXED-LENGTH DATA ELEMENTS

  • fixed length control field: 231114|| aca||aabn | a|a d

040 ## - CATALOGING SOURCE

  • Original cataloging agency: OSt
  • Transcribing agency: OSt

100 ## - HEADING--PERSONAL NAME

  • Personal name: Pickup, Austin J.
  • Relator term: author.

670 ## - SOURCE DATA FOUND

  • Source citation: Work cat.: (OSt): Pickup, Austin J. author., A critical discourse analysis of the 1619 project controversy and its implications for Social Studies educators /, September - October 2022.